000 00339nam a22001457a 4500
020 _a-
082 _a297.12
100 _aYousaf, Salah-ud-Din Hafiz
245 _aRiyadh-us-Saleheen (Vol I) Urdu
260 _aLahore (Pakistan)
_bDarussalam
_c-
300 _a737 p.
_bill. ;
500 _aIncludes index.
650 _aHadith
942 _cBK
999 _c12133
_d12133